Stati e Iniziali delle Capitali - Quiz n°13 - Statistics

Statistiche generali
  • Questo quiz è stato fatto 10 volte
  • Il punteggio medio è 8 su 10
Statistiche sulle risposte
Hint Risposta % Corretto
Ghana A
90%
Islanda R
90%
Giappone T
90%
Angola L
80%
Comore M
80%
Nicaragua M
80%
Namibia W
80%
Barbados B
70%
Burkina Faso O
60%
Palau N
50%
Nessun quiz corrispondente trovato
Distribuzione punteggi
Percentuale di utenti per punteggio
Percentile per numero di risposta
I tuoi punteggi nel tempo
Non hai fatto questo quiz